000 01076nam a22003257a 4500
003 CHAP
005 20220329143910.0
008 120629s2010 mx r 00010 spa d
010 _a103471
011 _a104443
020 _a9786074900545
035 _a115133
040 _cCHAP
082 0 4 _a861.4
_bW84 2010
100 1 _aWong, Óscar.
_9122496
245 1 0 _aFulgor de la desdicha
_c/por Óscar Wong
250 _a2 ed.
260 0 0 _aToluca, Edo. Méx.
_bInstituto Mexiquense de Cultura,
_c2010
300 _a186 p.
490 0 _aBiblioteca Mexiquense del Bicentenario.
_pEl corazón y los confines
590 _aBATCH-UPD
_b10
_c20130110
_lUCH01
_h2019
590 _aBATCH-UPD
_b10
_c20130410
_lUCH01
_h0914
590 _aBATCH-UPD
_b10
_c20130914
_lUCH01
_h1926
590 _aCONVERSION
_b10
_c20130109
_lUCH01
_h1357
650 1 4 _aPoesía mexicana.
_990146
830 0 _aBiblioteca Mexiquense del Bicentenario.
_pEl corazón y los confines
_912430
901 _aBK
942 _cLIBRO
949 _a861.4 W84 2010
_bBC
_cLIBRO
_d33724002322561
_eLIBRO
_h117204
_i115133
_sb
999 _c103471
_d103471